Prijímanie na vysokoškolské štúdium

Proces prijímania študentov na vysokoškolské štúdium. Proces prijímacieho konania. Pravidlá prijímania na vysokoškolské štúdium v zahraničí. Zosúlaďovanie spoločenských potrieb a osobných záujmov občanov. Štatistické údaje o počte prijímaných študentov. Rovnosť v prístupe k vysokoškolskému štúdiu. K...

Descripción completa

Guardado en:
Detalles Bibliográficos
Autor principal: Smida, Jozef
Otros Autores: Šulanová, Mária
Formato: Capítulo de libro
Lenguaje:eslovaco
Materias:
Etiquetas: Agregar Etiqueta
Sin Etiquetas, Sea el primero en etiquetar este registro!

MARC

LEADER 00000naa a2200000 4500
001 r048429
005 20230927095407.7
041 0 |a slo 
044 |a SK 
245 1 0 |a Prijímanie na vysokoškolské štúdium  |c Jozef Smida 
520 |a Proces prijímania študentov na vysokoškolské štúdium. Proces prijímacieho konania. Pravidlá prijímania na vysokoškolské štúdium v zahraničí. Zosúlaďovanie spoločenských potrieb a osobných záujmov občanov. Štatistické údaje o počte prijímaných študentov. Rovnosť v prístupe k vysokoškolskému štúdiu. Koordinované prijímacie konanie viacerých vysokých škôl/fakúlt. 
610 2 0 |a štúdium vysokoškolské 
610 2 0 |a skúšky prijímacie 
610 2 0 |a študenti 
610 2 0 |a potreby spoločenské 
610 2 0 |a politika školská 
100 1 |a Smida, Jozef 
700 1 |a Šulanová, Mária